[Event "Novokuznetsk-ch"]
[Site "Novokuznetsk"]
[Date "2014.12.06"]
[Round "6"]
[White "Lyashenko, Anna"]
[Black "Oschepkov, Dmitri"]
[Result "1-0"]
[WhiteElo "2022"]
[BlackElo "2057"]
[PlyCount "49"]
[EventDate "2014.11.16"]
[EventType "swiss"]
[EventRounds "9"]
[EventCountry "RUS"]
[SourceTitle "EXT 2016"]
[Source "ChessBase"]
[SourceDate "2015.10.08"]
[SourceVersion "1"]
[SourceVersionDate "2015.10.08"]
[SourceQuality "1"]

1. e4 e5 2. Nf3 Nc6 3. Bb5 a6 4. Ba4 Nf6 5. Qe2 b5 6. Bb3 Be7 7. c3 0-0 8. 0-0 d5 9. exd5 Bg4 10. d3 Nxd5 11. h3 Bh5 12. Qe4 Nf4 13. Bxf4 exf4 14. Qxc6 Qxd3 15. Re1 Rae8 16. Nbd2 g5 17. Ne4 Bxf3 18. gxf3 Kg7 19. Kg2 Qd8 20. Qxa6 f5 21. Rad1 Qb8 22. Rd7 Kh8 23. Qh6 fxe4 24. Rxe4 Rf6 25. Rdxe7 1-0

[Event "Novokuznetsk-ch"]
[Site "Novokuznetsk"]
[Date "2014.11.16"]
[Round "1"]
[White "Tsvetkov, Yury"]
[Black "Lyashenko, Anna"]
[Result "0-1"]
[WhiteElo "1733"]
[BlackElo "2022"]
[PlyCount "78"]
[EventDate "2014.11.16"]
[EventType "swiss"]
[EventRounds "9"]
[EventCountry "RUS"]
[SourceTitle "EXT 2016"]
[Source "ChessBase"]
[SourceDate "2015.10.08"]
[SourceVersion "1"]
[SourceVersionDate "2015.10.08"]
[SourceQuality "1"]

1. e4 c5 2. Nc3 Nc6 3. f4 e6 4. Nf3 a6 5. g3 b5 6. Bg2 Bb7 7. d3 Be7 8. 0-0 b4 9. Ne2 Nf6 10. h3 0-0 11. g4 d5 12. e5 Nd7 13. g5 f6 14. h4 fxe5 15. Bh3 Nd4 16. Nfxd4 exd4 17. Bxe6+ Kh8 18. Ng3 c4 19. Qh5 g6 20. Qg4 Nc5 21. h5 Nxe6 22. Qxe6 Qd6 23. Qe2 Rae8 24. Qh2 gxh5 25. f5 Bc8 26. Bf4 Qc6 27. Nxh5 Bxf5 28. Be5+ Kg8 29. Ng7 Bxg5 30. Nxf5 Qg6 31. Kh1 Rxf5 32. Bxd4 cxd3 33. c3 Rxf1+ 34. Rxf1 d2 35. Rg1 Qe4+ 36. Qg2 Qh4+ 37. Qh2 Re1 38. Qxh4 Rxg1+ 39. Bxg1 Bxh4 0-1

[Event "RSSS-ch (Women)"]
[Site "Ekaterinburg"]
[Date "2014.09.30"]
[Round "8"]
[White "Lyashenko, Anna"]
[Black "Chigaeva, Anastasia"]
[Result "0-1"]
[WhiteElo "2063"]
[BlackElo "2031"]
[PlyCount "90"]
[EventDate "2014.09.23"]
[EventType "swiss"]
[EventRounds "9"]
[EventCountry "RUS"]
[SourceTitle "EXT 2016"]
[Source "ChessBase"]
[SourceDate "2015.10.08"]
[SourceVersion "1"]
[SourceVersionDate "2015.10.08"]
[SourceQuality "1"]

1. e4 c5 2. Nf3 Nc6 3. d4 cxd4 4. Nxd4 Nf6 5. Nc3 d6 6. Be2 e5 7. Nb3 Be7 8. Be3 0-0 9. f3 Be6 10. Qd2 d5 11. exd5 Nxd5 12. Nxd5 Qxd5 13. Qxd5 Bxd5 14. 0-0 b6 15. c4 Be6 16. Rac1 Rac8 17. Nd2 f6 18. a3 Rfd8 19. Rfd1 Nd4 20. Bf1 a5 21. Rb1 Bc5 22. Bf2 Nc2 23. Ne4 Bxf2+ 24. Kxf2 Nd4 25. Nd2 Bf5 26. Ne4 Bxe4 27. fxe4 a4 28. Rd2 Kf8 29. Ke3 Ke7 30. g3 Rd6 31. Kf2 g6 32. Re1 Rc5 33. Ke3 Rd8 34. Rb1 f5 35. Re1 h6 36. Bd3 f4+ 37. gxf4 exf4+ 38. Kxf4 Rf8+ 39. Ke3 Nf3 40. Ree2 Nxd2 41. Kxd2 Ke6 42. Kc3 Rf3 43. Rd2 Rc8 44. Kc2 Ke5 45. Be2 Rf2 0-1

[Event "Novokuznetsk-ch"]
[Site "Novokuznetsk"]
[Date "2013.12.08"]
[Round "7"]
[White "Nuzhdov, Vasiliy"]
[Black "Lyashenko, Anna"]
[Result "1-0"]
[WhiteElo "1967"]
[BlackElo "2044"]
[PlyCount "101"]
[EventDate "2013.11.17"]
[EventType "swiss"]
[EventRounds "9"]
[EventCountry "RUS"]
[SourceTitle "EXT 2015"]
[Source "ChessBase"]
[SourceDate "2014.11.20"]
[SourceVersion "1"]
[SourceVersionDate "2014.11.20"]
[SourceQuality "1"]

1. e4 c5 2. Nf3 d6 3. Be2 Nf6 4. c3 Nc6 5. d3 g6 6. 0-0 Bg7 7. Bg5 0-0 8. Nbd2 b5 9. d4 Qb6 10. d5 Nb8 11. h3 a5 12. a3 Ba6 13. b4 Re8 14. Rb1 Nfd7 15. Qc2 Qc7 16. Rfc1 c4 17. Be3 e5 18. a4 Rc8 19. bxa5 Qxa5 20. axb5 Bxb5 21. Rb4 Na6 22. Rb2 Rab8 23. Ra2 Qc7 24. Rca1 Nac5 25. Ra7 Rb7 26. Rxb7 Qxb7 27. Bxc4 Bxc4 28. Nxc4 Qc7 29. Nfd2 Nf6 30. f3 Nfd7 31. Rb1 Rf8 32. Rb5 f5 33. Qb1 fxe4 34. fxe4 Rc8 35. Kh2 Bf8 36. Nb6 Rd8 37. Nxd7 Nxd7 38. c4 Qc8 39. Rb7 Nc5 40. Rb6 Nd7 41. Rc6 Qa8 42. Qf1 Qa3 43. Qf3 Be7 44. Bh6 Qa5 45. Qg4 Nf8 46. Nf3 Qa7 47. Ng5 Bxg5 48. Bxg5 Rd7 49. Bh6 Qb7 50. Bxf8 Kxf8 51. Qe6 1-0

[Event "Novokuznetsk-ch (Women)"]
[Site "Novokuznetsk"]
[Date "2013.09.14"]
[Round "4"]
[White "Vorobyova, Alyona"]
[Black "Lyashenko, Anna"]
[Result "1/2-1/2"]
[WhiteElo "1943"]
[BlackElo "2037"]
[PlyCount "24"]
[EventDate "2013.09.01"]
[EventType "swiss"]
[EventRounds "7"]
[EventCountry "RUS"]
[SourceTitle "EXT 2022"]
[Source "ChessBase"]
[SourceDate "2021.10.06"]
[SourceVersion "1"]
[SourceVersionDate "2021.10.06"]
[SourceQuality "1"]

1. e4 c5 2. c4 e5 3. Ne2 d6 4. d3 Nc6 5. Nbc3 Nge7 6. g3 g6 7. Bg2 Bg7 8. 0-0 0-0 9. f4 f5 10. Nd5 Nxd5 11. exd5 Nd4 12. Nxd4 exd4 1/2-1/2

[Event "Novokuznetsk-ch (Women)"]
[Site "Novokuznetsk"]
[Date "2013.09.01"]
[Round "1"]
[White "Lyashenko, Anna"]
[Black "Golovina, Darya"]
[Result "1/2-1/2"]
[WhiteElo "2037"]
[BlackElo "1986"]
[PlyCount "68"]
[EventDate "2013.09.01"]
[EventType "swiss"]
[EventRounds "7"]
[EventCountry "RUS"]
[SourceTitle "EXT 2022"]
[Source "ChessBase"]
[SourceDate "2021.10.06"]
[SourceVersion "1"]
[SourceVersionDate "2021.10.06"]
[SourceQuality "1"]

1. e4 d5 2. exd5 Qxd5 3. Nc3 Qa5 4. d4 Nf6 5. Nf3 c6 6. Bc4 Bg4 7. h3 Bh5 8. g4 Bg6 9. Ne5 e6 10. Nxg6 hxg6 11. Bd2 Qc7 12. Qe2 Nbd7 13. 0-0-0 0-0-0 14. Ne4 Nxe4 15. Qxe4 Nf6 16. Qf4 Qxf4 17. Bxf4 Bd6 18. Be3 Nd5 19. c3 Nxe3 20. fxe3 Rdf8 21. h4 Bg3 22. h5 gxh5 23. gxh5 b5 24. Bb3 a5 25. Rh3 Bd6 26. Rdh1 a4 27. Bc2 Rh6 28. Kd2 Kd7 29. Rg1 Rg8 30. Rf1 Rf8 31. Rg1 Rg8 32. Rf1 Rf8 33. Rg1 Rg8 34. Rf1 Rf8 1/2-1/2

[Event "Novokuznetsk-ch"]
[Site "Novokuznetsk"]
[Date "2012.12.02"]
[Round "5"]
[White "Lyashenko, Anna"]
[Black "Bureev, Danila"]
[Result "1/2-1/2"]
[WhiteElo "2059"]
[BlackElo "1938"]
[PlyCount "63"]
[EventDate "2012.11.18"]
[EventType "swiss"]
[EventRounds "9"]
[EventCountry "RUS"]
[SourceTitle "EXT 2014"]
[Source "ChessBase"]
[SourceDate "2013.11.20"]
[SourceVersion "1"]
[SourceVersionDate "2013.11.20"]
[SourceQuality "1"]

1. e4 Nf6 2. e5 Nd5 3. c4 Nb6 4. d4 d6 5. exd6 exd6 6. Nf3 Bg4 7. Qe2+ Be7 8. Qe4 f5 9. Qe6 Bxf3 10. gxf3 Qd7 11. Qxd7+ N8xd7 12. f4 0-0-0 13. Be3 Nf6 14. h3 Ne4 15. Rg1 Bf6 16. Nc3 Nxc3 17. bxc3 Na4 18. Kd2 c5 19. Rb1 d5 20. cxd5 Nb6 21. Rb5 cxd4 22. Bxd4 Nxd5 23. Bd3 Nxf4 24. Bxf5+ Kb8 25. Be4 Rd7 26. Ke3 Nxh3 27. Rg3 Nxf2 28. Kxf2 Bh4 29. Rbg5 Bxg3+ 30. Kxg3 h6 31. Bxg7 hxg5 32. Bxh8 1/2-1/2

[Event "Novokuznetsk School op"]
[Site "Novokuznetsk"]
[Date "2012.06.13"]
[Round "1"]
[White "Lyashenko, Anna"]
[Black "Izenev, Andrey"]
[Result "1-0"]
[WhiteElo "2051"]
[BlackElo "1562"]
[PlyCount "59"]
[EventDate "2012.06.13"]
[EventType "swiss"]
[EventRounds "9"]
[EventCountry "RUS"]
[SourceTitle "EXT 2022"]
[Source "ChessBase"]
[SourceDate "2021.10.06"]
[SourceVersion "1"]
[SourceVersionDate "2021.10.06"]
[SourceQuality "1"]

1. e4 e6 2. d4 d5 3. Nd2 Nc6 4. Ne2 Nf6 5. e5 Nd7 6. f4 Nb6 7. c3 f6 8. Nf3 fxe5 9. fxe5 Be7 10. Nf4 g5 11. Nh5 Rf8 12. Bd3 g4 13. Nd2 Bh4+ 14. g3 Qg5 15. Nf6+ Rxf6 16. exf6 Qe3+ 17. Qe2 Qxe2+ 18. Bxe2 Bxf6 19. Bxg4 e5 20. Bh5+ Ke7 21. dxe5 Nxe5 22. 0-0 Bh3 23. Re1 Kd7 24. Nf3 Rf8 25. Rxe5 Bxe5 26. Nxe5+ Ke6 27. Bf4 Kf6 28. Re1 Rd8 29. Ng4+ Bxg4 30. Bxg4 1-0

[Event "Novokuznetsk School op"]
[Site "Novokuznetsk"]
[Date "2012.06.13"]
[Round "4"]
[White "Sozin, Stepan"]
[Black "Lyashenko, Anna"]
[Result "1/2-1/2"]
[WhiteElo "2137"]
[BlackElo "2051"]
[PlyCount "170"]
[EventDate "2012.06.13"]
[EventType "swiss"]
[EventRounds "9"]
[EventCountry "RUS"]
[SourceTitle "EXT 2022"]
[Source "ChessBase"]
[SourceDate "2021.10.06"]
[SourceVersion "1"]
[SourceVersionDate "2021.10.06"]
[SourceQuality "1"]

1. e4 Nc6 2. d4 e5 3. Nf3 exd4 4. Nxd4 Bc5 5. Nxc6 Qf6 6. Qf3 Qxf3 7. gxf3 bxc6 8. Nd2 d6 9. Nb3 Bb6 10. a4 a5 11. Be3 Bxe3 12. fxe3 Ne7 13. Bd3 Ng6 14. Nd4 Ne5 15. Be2 Bd7 16. f4 Ng6 17. h4 Ne7 18. Rg1 g6 19. h5 f5 20. exf5 Nxf5 21. hxg6 hxg6 22. Rxg6 Kf7 23. Rg1 Nxe3 24. Kd2 Rae8 25. Rg5 Rh2 26. Rag1 Bg4 27. Kd3 Bxe2+ 28. Nxe2 Nd5 29. Rg7+ Kf8 30. Rg8+ Kf7 31. R1g7+ Kf6 32. Rxe8 Kxg7 33. c4 Rh3+ 34. Kd2 Nb6 35. Re7+ Kf6 36. Rxc7 Nxc4+ 37. Kc2 c5 38. b3 Ne3+ 39. Kd2 Nf5 40. Rb7 Ke6 41. Rb6 Kd5 42. Rb8 Rh2 43. Ke1 Ke4 44. Rf8 Kf3 45. Re8 Nd4 46. Nxd4+ cxd4 47. f5 Rh7 48. f6 Rf7 49. Re6 Kf4 50. Kd2 Kf5 51. Rxd6 Rxf6 52. Rxd4 Ke5 53. Rh4 Rf5 54. Kc3 Kd5 55. Rh6 Rf3+ 56. Kb2 Rf5 57. Rb6 Kd4 58. Ka3 Kd5 59. Rb5+ Ke6 60. Rb6+ Kd7 61. Kb2 Rc5 62. Rh6 Kc7 63. Rh4 Kb6 64. Rc4 Rh5 65. Rd4 Re5 66. Rd6+ Kc7 67. Rf6 Kb7 68. Rf7+ Kb6 69. Rf4 Ka6 70. Rc4 Rh5 71. Rc3 Kb6 72. Kc2 Rh2+ 73. Kd3 Rh3+ 74. Kd4 Rxc3 75. Kxc3 Kc5 76. Kb2 Kd5 77. Kc2 Kc6 78. Kb2 Kb6 79. Ka1 Ka7 80. Kb1 Kb7 81. Kc1 Kc7 82. Kd1 Kd7 83. Ke2 Kc6 84. Ke3 Kc5 85. Kd3 Kd5 1/2-1/2

[Event "Abaza op"]
[Site "Abaza"]
[Date "2011.07.21"]
[Round "6"]
[White "Guk, Evgeniy"]
[Black "Lyashenko, Anna"]
[Result "1/2-1/2"]
[WhiteElo "2070"]
[BlackElo "2021"]
[PlyCount "135"]
[EventDate "2011.07.16"]
[EventType "swiss"]
[EventRounds "9"]
[EventCountry "RUS"]
[SourceTitle "EXT 2012"]
[Source "ChessBase"]
[SourceDate "2011.11.24"]
[SourceVersion "1"]
[SourceVersionDate "2011.11.24"]
[SourceQuality "1"]

1. Nf3 Nf6 2. d4 d6 3. Bf4 g6 4. e3 Bg7 5. h3 0-0 6. Nbd2 Nbd7 7. Be2 c5 8. c3 a6 9. a4 Rb8 10. 0-0 b5 11. axb5 axb5 12. dxc5 Nxc5 13. Bh2 b4 14. c4 Nfe4 15. Nxe4 Nxe4 16. Nd4 Qb6 17. Qc2 Bb7 18. Bf3 Nc5 19. Bxb7 Qxb7 20. Ra5 b3 21. Qe2 Rfc8 22. f3 Qb4 23. Ra3 e5 24. Nb5 d5 25. Na7 dxc4 26. Nxc8 Rxc8 27. Rfa1 Nd3 28. Ra8 Qc5 29. Rxc8+ Qxc8 30. Qd2 e4 31. fxe4 Bxb2 32. Rf1 Qd7 33. Qd1 Qb5 34. Qf3 Qb7 35. Bd6 Bc1 36. Qf6 Bxe3+ 37. Kh1 Qd7 38. e5 Bd4 39. Qf3 Qe8 40. Qd5 Bxe5 41. Qxc4 Nf2+ 42. Rxf2 Bxd6 43. Rf1 b2 44. Qb3 Be5 45. Re1 Kg7 46. Qxb2 Bxb2 47. Rxe8 h5 48. g4 hxg4 49. hxg4 g5 50. Kg2 f6 51. Kf3 Kf7 52. Rb8 Ba1 53. Ke4 Kg6 54. Rg8+ Kf7 55. Ra8 Bb2 56. Kf5 Ke7 57. Ra7+ Ke8 58. Kg6 Bd4 59. Rf7 Be5 60. Rxf6 Bxf6 61. Kxf6 Kf8 62. Kxg5 Kg7 63. Kf5 Kf7 64. g5 Kg7 65. g6 Kg8 66. Kf6 Kf8 67. g7+ Kg8 68. Kg6 1/2-1/2

[Event "Novokuznetsk-ch"]
[Site "Novokuznetsk"]
[Date "2011.??.??"]
[Round "8"]
[White "Lyashenko, Anna"]
[Black "Shamne, Anton"]
[Result "0-1"]
[WhiteElo "2021"]
[BlackElo "2173"]
[PlyCount "70"]
[EventDate "2011.11.19"]
[EventType "swiss"]
[EventRounds "9"]
[EventCountry "RUS"]
[SourceTitle "EXT 2013"]
[Source "ChessBase"]
[SourceDate "2012.11.22"]
[SourceVersion "1"]
[SourceVersionDate "2012.11.22"]
[SourceQuality "1"]

1. e4 e5 2. Nf3 Nc6 3. Bc4 Nf6 4. Ng5 Bc5 5. Nxf7 Qe7 6. Nxh8 Bxf2+ 7. Kf1 d5 8. exd5 Nd4 9. h3 Bg3 10. c3 Qc5 11. d3 Nf5 12. Qe2 b5 13. Bb3 Kf8 14. Bg5 Kg8 15. d4 exd4 16. d6+ Kxh8 17. Bxf6 Ne3+ 18. Kg1 gxf6 19. Qf3 Nf5 20. Qd5 Qxd5 21. Bxd5 Rb8 22. dxc7 Bxc7 23. Kf2 Bb6 24. Kf3 Ne3 25. Be4 f5 26. Bd3 Bb7+ 27. Kf4 Bc7+ 28. Kg5 Be5 29. cxd4 Rg8+ 30. Kh5 Bxg2 31. Nd2 Bf6 32. Rhg1 Rg5+ 33. Kh6 Rg6+ 34. Kh5 Kg7 35. Rxg2 Nxg2 0-1